[Marketingové řízení místního rozvoje]

Recenzia na monografiu, ktorá zovšeobecňuje konkrétne poznatky a skúsenosti s problematikou marketingového riadenia miestneho rozvoja.

Guardado en:
Detalles Bibliográficos
Autor principal: Lieskovská, Vanda, 1961-
Formato: Capítulo de libro
Lenguaje:eslovaco
Materias:
Etiquetas: Agregar Etiqueta
Sin Etiquetas, Sea el primero en etiquetar este registro!

MARC

LEADER 00000naa a2200000 4500
001 0235583
005 20240502073817.7
041 0 |a slo 
044 |a SK 
245 1 0 |a [Marketingové řízení místního rozvoje]  |c Vanda Lieskovská 
520 |a Recenzia na monografiu, ktorá zovšeobecňuje konkrétne poznatky a skúsenosti s problematikou marketingového riadenia miestneho rozvoja. 
610 2 0 |a stratégia marketingová 
610 2 0 |a rozvoj regionálny 
610 2 0 |a správa miestna 
610 2 0 |a riadenie 
610 2 0 |a marketing manažment 
610 2 0 |a recenzie 
100 1 |a Lieskovská, Vanda, 1961-